LDR 01202naa#a2200229#i#450# 001 RU\\bibl\111408 005 20260413184005.1 011 ## _a2658-4026 100 ## _a20260330b2026####ek#y0rusy0150####ca 102 ## _aRU 200 1# _aАвтоматизация оценки континуума экстраверсия-интроверсия на основе анализа на основе анализа ключевых точек лица mediapipe и knn-классификатора _eЖурнальная статья 210 1# _aБрянск _cБрянский государственный технический университет _d2026 215 ## _a9 с. 608 ## _aЖурнальная статья _2local 675 ## _aИскусственный интеллект. 004.8 _aПсихология. 159.9 _z 686 ## _aРазвитие науки. 12.09 _2grnti 700 #1 _aПолозов _gАндрей Анатольевич 700 #1 _aКоваленко _gАнастасия Юрьевна 700 #1 _aРоманов _gМаксим Сергеевич 700 #1 _aКрылышкин _gВячеслав Максимович 700 #1 _aХао _gМенлин 856 4# _abstu.editorum.ru _u